Central Library OPAC University of Rajshahi

The hard sell: Britain and her overseas markets / (Record no. 76109)

MARC details
000 -LEADER
fixed length control field 00741nam a22002412a 4500
001 - CONTROL NUMBER
control field 76109
003 - CONTROL NUMBER IDENTIFIER
rucl marc code BD-RjUL
005 - DATE AND TIME OF LATEST TRANSACTION
control field 20211209082808.0
008 - FIXED-LENGTH DATA ELEMENTS--GENERAL INFORMATION
fixed length control field 191028s1966 enk 000 0 eng d
035 ## - SYSTEM CONTROL NUMBER
System control number OCLC ocm03944768 from D950526M
System control number (BD-RjUL)76330
040 ## - CATALOGING SOURCE
Original cataloging agency APL
Transcribing agency APL
Modifying agency OCL
-- UKM
-- EQO
-- BD-RjUL
Language of cataloging eng
041 ## - LANGUAGE CODE
Language code of text/sound track or separate title eng
082 ## - DEWEY DECIMAL CLASSIFICATION NUMBER
Edition number 23
Classification number 382.0942
Author mark and year MAH 1966
100 1# - MAIN ENTRY--PERSONAL NAME
Personal name De La Mahotière, Stuart R.
9 (RLIN) 234120
245 14 - TITLE STATEMENT
Title The hard sell: Britain and her overseas markets /
Statement of responsibility, etc. Stuart R De La Mahotière
260 ## - PUBLICATION, DISTRIBUTION, ETC. (IMPRINT)
Place of publication, distribution, etc. London :
Name of publisher, distributor, etc. Hodder and Stoughton,
Date of publication, distribution, etc. c1966.
300 ## - PHYSICAL DESCRIPTION
Pagination 352 p.:
Illustrations ill.;
Size 23 cm.
650 ## - SUBJECT ADDED ENTRY--TOPICAL TERM
Topical term or geographic name as entry element Commerce.
9 (RLIN) 234121
651 ## - SUBJECT ADDED ENTRY--GEOGRAPHIC NAME
Geographic name Great Britain
General subdivision Commerce.
9 (RLIN) 234122
942 ## - ADDED ENTRY ELEMENTS (KOHA)
Source of classification or shelving scheme Dewey Decimal Classification
Koha item type Books
Holdings
Lost status Source of classification or shelving scheme Damaged status Not for loan Collection code Permanent Location Current Location Shelving location Date acquired Source of acquisition Cost, normal purchase price Total Checkouts Full call number Date last seen Copy number Koha item type
  Dewey Decimal Classification   Not For Loan Non-fiction Central Library, University of Rajshahi Central Library, University of Rajshahi   12/09/1973 standard pub. 43.75   382.0942 MAH 1966 28/10/2019 C-1 Books